00800nam a22002055i 4500001000700000003000900007005001700016008004100033040002000074100004000094245006500134260004400199300002200243490004200265505005500307830005000362852003700412999001900449952012600468157964ES-MaACL20230906210923.0040820s1868 gw |||| | eng d aCAM bspa cCAM1 aLongfellow, Henry Wadsworth.97323614aThe New-England tragedies / cby Henry Wadsworth Longfellow. aLeipzig : bBernhard Tauchnitz, c1868. a258 p. ; c16 cm.1 aCollection of british authors ; v9828 aContiene: Endicott; Giles Corey of the Salem farms0 aCollection of british authors ; v9829180703 aES-MaACLjG-11819 z-- Enc. hol. c157964d157964 001040708LIBXIXaATENEOMbATENEOMcSPP3d2008-01-17eSSCl0oG-11819p1165319r2023-02-23 00:00:00w2023-02-23yMONANT